000
00201 a2200097 4500
001
52219
100
_a
Jackman S
245
_a
Game of Soldiers
260
_a
London
_b
Granda
_c
090
_c
32882
_d
32882
942
_a
NUST-CAE
_c
M
_c
25427
999
_c
287292
_d
287292